What came before he shot her / (Record no. 219462)

000 -LEADER
fixed length control field 01573cam a22003613a 4500
001 - CONTROL NUMBER
control field 16479199
003 - CONTROL NUMBER IDENTIFIER
control field Nust
005 - DATE AND TIME OF LATEST TRANSACTION
control field 20170209193308.0
008 - FIXED-LENGTH DATA ELEMENTS--GENERAL INFORMATION
fixed length control field 070830r20072006nyu 000 1 eng d
010 ## - LIBRARY OF CONGRESS CONTROL NUMBER
LC control number 2010515424
020 ## - INTERNATIONAL STANDARD BOOK NUMBER
International Standard Book Number 9780340827512 (pbk.)
035 ## - SYSTEM CONTROL NUMBER
System control number (OCoLC)ocn166430770
035 ## - SYSTEM CONTROL NUMBER
System control number (OCoLC)166430770
040 ## - CATALOGING SOURCE
Original cataloging agency NjBwBT
Transcribing agency JFN
Modifying agency JFN
-- BAKER
-- JCX
-- OCLCQ
-- BTCTA
-- DLC
042 ## - AUTHENTICATION CODE
Authentication code lccopycat
043 ## - GEOGRAPHIC AREA CODE
Geographic area code e-uk-en
050 00 - LIBRARY OF CONGRESS CALL NUMBER
Classification number CPB Box no. 3119 vol. 17
082 ## - DEWEY DECIMAL CLASSIFICATION NUMBER
Classification number 813.54
Author Mark GEO
100 1# - MAIN ENTRY--PERSONAL NAME
Personal name George, Elizabeth,
Dates associated with a name 1949-
245 10 - TITLE STATEMENT
Title What came before he shot her /
Statement of responsibility, etc. Elizabeth George.
260 ## - PUBLICATION, DISTRIBUTION, ETC.
Place of publication, distribution, etc. New York :
Name of publisher, distributor, etc. Harper,
Date of publication, distribution, etc. 2007,
300 ## - PHYSICAL DESCRIPTION
Extent 643 p. ;
Dimensions 18 cm.
490 0# - SERIES STATEMENT
Series statement Harper fiction
500 ## - GENERAL NOTE
General note Originally published: New York : HarperCollins, c2006.
520 ## - SUMMARY, ETC.
Summary, etc. Three abandoned children--Ness, who loses herself in drugs, alcohol, and fast boys; Toby, who harbors problems nobody is willing to acknowledge; and Joel, who forges a pact that sets a terrible crime into motion--become the focus of a murder investigation.
600 10 - SUBJECT ADDED ENTRY--PERSONAL NAME
Personal name Lynley, Thomas
Form subdivision Fiction.
650 #0 - SUBJECT ADDED ENTRY--TOPICAL TERM
Topical term or geographic name entry element Abandoned children
Geographic subdivision England
-- London
Form subdivision Fiction.
650 #0 - SUBJECT ADDED ENTRY--TOPICAL TERM
Topical term or geographic name entry element Male juvenile delinquents
Geographic subdivision England
-- London
Form subdivision Fiction.
651 #0 - SUBJECT ADDED ENTRY--GEOGRAPHIC NAME
Geographic name Kensington and Chelsea (London, England)
General subdivision Social conditions
Form subdivision Fiction.
655 #7 - INDEX TERM--GENRE/FORM
Genre/form data or focus term Mystery fiction.
Source of term gsafd
710 2# - ADDED ENTRY--CORPORATE NAME
Corporate name or jurisdiction name as entry element Copyright Paperback Collection (Library of Congress)
Institution to which field applies DLC
906 ## - LOCAL DATA ELEMENT F, LDF (RLIN)
a 7
b cbc
c copycat
d 2
e ncip
f 20
g y-genrareb
942 ## - ADDED ENTRY ELEMENTS (KOHA)
Source of classification or shelving scheme
Koha item type Book
Holdings
Withdrawn status Lost status Source of classification or shelving scheme Damaged status Not for loan Collection code Permanent Location Current Location Shelving location Date acquired Total Checkouts Total Renewals Full call number Barcode Date last seen Date last checked out Copy number Price effective from Koha item type
            Central Library (CL) Central Library (CL) Fiction 02/09/2017 2 3 813.54 GEO CL1663 08/25/2025 10/08/2024 1 02/09/2017 Book
© 2023 Central Library, National University of Sciences and Technology. All Rights Reserved.